Normal view
MARC view
Entry Geographic Name
001 - CONTROL NUMBER
- control field: 27481
003 - CONTROL NUMBER IDENTIFIER
- control field: ARRUPE
005 - DATE AND TIME OF LATEST TRANSACTION
- control field: 20161116092031.0
008 - FIXED-LENGTH DATA ELEMENTS
- fixed length control field: 161116|| aca||aabn | a|a d
040 ## - CATALOGING SOURCE
- Original cataloging agency: ARRUPE
- Transcribing agency: ARRUPE
151 ## - HEADING--GEOGRAPHIC NAME
- Geographic name: Bangladesh
- General subdivision: Social life and customs.
670 ## - SOURCE DATA FOUND
- Source citation: Work cat.: (ARRUPE)0: Sattar, Abdus, 1949- 27479, In the sylvan shadows., 1971]